[Event "LIBEREC OPEN 2019"]
[Site "Clarion Grandhotel Zlaty Lev, Liberec"]
[Date "2019.02.26"]
[Round "5"]
[White "Otruba, Marek"]
[Black "Balinski, Damian"]
[Result "1/2-1/2"]
[WhiteElo "2015"]
[BlackElo "2161"]
[PlyCount "57"]
[EventDate "2019.02.23"]

1. d4 Nf6 2. Nf3 g6 3. c4 Bg7 4. Nc3 d6 5. e4 O-O 6. Be2 Na6 7. O-O e5 8. Be3
Ng4 9. Bg5 Qe8 10. dxe5 dxe5 11. h3 f6 12. Bd2 Nh6 13. c5 Nxc5 14. Qc1 Nf7 15.
Nd5 Ne6 16. Nxc7 Nxc7 17. Qxc7 Nd8 18. b4 Rf7 19. Qc3 Be6 20. Rfc1 Bf8 21. Be3
Qa4 22. a3 Rc8 23. Qb2 Rxc1+ 24. Rxc1 a5 25. Bd1 Qb5 26. Be2 Qa4 27. Bd1 Qb5
28. Be2 Qa4 29. Bd1 1/2-1/2

[Event "LIBEREC OPEN 2019"]
[Site "Clarion Grandhotel Zlaty Lev, Liberec"]
[Date "2019.02.26"]
[Round "5"]
[White "Vitak, Jiri"]
[Black "Bradac, Daniel"]
[Result "1-0"]
[WhiteElo "2157"]
[BlackElo "2020"]
[PlyCount "63"]
[EventDate "2019.02.23"]

1. d4 g6 2. e4 Bg7 3. Nc3 c5 4. Nf3 cxd4 5. Nxd4 Nc6 6. Be3 Nf6 7. Qd2 O-O 8.
Be2 d5 9. exd5 Nxd5 10. Nxd5 Qxd5 11. Bf3 Qa5 12. Nxc6 Qxd2+ 13. Bxd2 bxc6 14.
O-O-O Rb8 15. b3 Bf5 16. Rde1 Bf6 17. Be4 Bxe4 18. Rxe4 Rfd8 19. Rd1 Rxd2 20.
Kxd2 Rb5 21. Kc1 Rg5 22. g3 Rh5 23. h4 Rf5 24. Re2 e6 25. Rd3 h6 26. f3 g5 27.
hxg5 hxg5 28. g4 Ra5 29. a4 Be5 30. Kb1 Bf4 31. Rd1 Kg7 32. Ka2 1-0

[Event "LIBEREC OPEN 2019"]
[Site "Clarion Grandhotel Zlaty Lev, Liberec"]
[Date "2019.02.26"]
[Round "5"]
[White "Dzikowski, Michal"]
[Black "Paldus, Petr"]
[Result "1/2-1/2"]
[WhiteElo "2132"]
[BlackElo "2036"]
[PlyCount "40"]
[EventDate "2019.02.23"]

1. d4 d5 2. c4 e6 3. Nf3 c6 4. g3 f5 5. Bg2 Nf6 6. O-O Bd6 7. Nc3 O-O 8. Qc2
Ne4 9. Rb1 Nd7 10. b4 Ndf6 11. b5 Nxc3 12. Qxc3 cxb5 13. Rxb5 b6 14. cxd5 Ba6
15. Rb2 exd5 16. Qb3 Nd7 17. Ng5 Bb7 18. e4 fxe4 19. Nxe4 Nf6 20. Nxf6+ Rxf6
1/2-1/2

[Event "LIBEREC OPEN 2019"]
[Site "Clarion Grandhotel Zlaty Lev, Liberec"]
[Date "2019.02.26"]
[Round "5"]
[White "Jinova, Lucie"]
[Black "Jordanov, Mihail"]
[Result "1-0"]
[WhiteElo "2096"]
[BlackElo "1992"]
[PlyCount "93"]
[EventDate "2019.02.23"]

1. e4 e5 2. Nf3 Nc6 3. d4 exd4 4. Bc4 Nf6 5. O-O Nxe4 6. Re1 d5 7. Bxd5 Qxd5 8.
Nc3 Qa5 9. Nxe4 Be6 10. Neg5 O-O-O 11. Nxe6 fxe6 12. Rxe6 Bd6 13. Bg5 Rdf8 14.
Bh4 Qf5 15. Qe2 h6 16. Rd1 g5 17. Bg3 Bxg3 18. hxg3 Rd8 19. Rxc6 bxc6 20. Nxd4
Qa5 21. Qe6+ Kb7 22. Qxc6+ Kb8 23. Qe4 Rd6 24. Nc6+ Rxc6 25. Qxc6 Qb6 26. Qxb6+
cxb6 27. f4 Rc8 28. c3 Rf8 29. Rd4 Kc7 30. Kf2 Kc6 31. Ke3 b5 32. Ke4 Re8+ 33.
Kf3 a5 34. f5 h5 35. Re4 Ra8 36. Re6+ Kd5 37. Rg6 g4+ 38. Kf4 Re8 39. Re6 Rh8
40. Re5+ Kc6 41. f6 Rf8 42. Kf5 Rb8 43. f7 Kd6 44. Kf6 Kd7 45. Kg7 Kd6 46. Re8
Rb7 47. Kg8 1-0

[Event "LIBEREC OPEN 2019"]
[Site "Clarion Grandhotel Zlaty Lev, Liberec"]
[Date "2019.02.26"]
[Round "5"]
[White "Skurniak, Szymon"]
[Black "Kaderabek, Jiri"]
[Result "0-1"]
[WhiteElo "1974"]
[BlackElo "2093"]
[PlyCount "68"]
[EventDate "2019.02.23"]

1. e4 c5 2. Nf3 e6 3. d4 cxd4 4. Nxd4 Nf6 5. Nc3 d6 6. g4 Be7 7. g5 Nfd7 8. Be3
a6 9. h4 b5 10. Qd2 Bb7 11. Bg2 Nc6 12. f4 O-O 13. O-O-O Na5 14. h5 Nc4 15. Qe2
Rc8 16. g6 Qa5 17. h6 hxg6 18. hxg7 Kxg7 19. f5 Qb4 20. Nb3 Nxb2 21. fxg6 fxg6
22. Bh6+ Kg8 23. Bxf8 Bg5+ 24. Kxb2 Qxc3+ 25. Kb1 Bf6 26. e5 Bxe5 27. Rd4 Bxg2
28. Qxg2 Nxf8 29. Qe4 Rc4 30. Rg1 Kg7 31. Qb7+ Rc7 32. Qe4 a5 33. Kc1 a4 34.
Rd3 Qxc2# 0-1

[Event "LIBEREC OPEN 2019"]
[Site "Clarion Grandhotel Zlaty Lev, Liberec"]
[Date "2019.02.26"]
[Round "5"]
[White "Woolacott, Samuel"]
[Black "Juricek, Stanislav"]
[Result "1-0"]
[WhiteElo "1947"]
[BlackElo "2075"]
[PlyCount "88"]
[EventDate "2019.02.23"]

1. Nf3 Nf6 2. g3 g6 3. b3 Bg7 4. Bb2 O-O 5. Bg2 d6 6. d4 c6 7. O-O Qa5 8. Nbd2
Qh5 9. Re1 Bg4 10. c4 Nbd7 11. e4 e5 12. Qc2 c5 13. dxe5 Nxe5 14. Nxe5 dxe5 15.
Nb1 Rfd8 16. Nc3 Rd6 17. Nd5 Nxd5 18. exd5 g5 19. f3 Rh6 20. Bh1 Bxf3 21. Bxe5
Bxh1 22. Bxg7 Kxg7 23. Kxh1 Qf3+ 24. Qg2 Qc3 25. Rac1 Qf6 26. Rf1 Qd6 27. Rf5
Rg6 28. Qe4 Rd8 29. Rcf1 Rd7 30. Qe8 Qe7 31. Re1 Qxe8 32. Rxe8 h6 33. Kg2 Ra6
34. Rf2 Rad6 35. Rfe2 b5 36. a4 a6 37. Rc8 bxc4 38. bxc4 Rb7 39. Rxc5 Kf6 40.
Kf3 Kg6 41. Ke4 Re7+ 42. Kd3 Rb7 43. Kd4 h5 44. Rc6 Rf6 1-0

[Event "LIBEREC OPEN 2019"]
[Site "Clarion Grandhotel Zlaty Lev, Liberec"]
[Date "2019.02.26"]
[Round "5"]
[White "Novotny, Martin"]
[Black "Ortiz Sanchez, Luis"]
[Result "1/2-1/2"]
[WhiteElo "2070"]
[BlackElo "1922"]
[PlyCount "37"]
[EventDate "2019.02.23"]

1. d4 f5 2. c4 Nf6 3. Nf3 e6 4. Nc3 b6 5. g3 Bb4 6. Bd2 Bb7 7. Bg2 O-O 8. O-O
Qe7 9. a3 Bxc3 10. Bxc3 Ne4 11. Qc2 Nxc3 12. Qxc3 d6 13. Rad1 Nd7 14. d5 e5 15.
b4 Qf6 16. Rc1 Rae8 17. Qb3 Bc8 18. Nd2 Rf7 19. Qc3 1/2-1/2

[Event "LIBEREC OPEN 2019"]
[Site "Clarion Grandhotel Zlaty Lev, Liberec"]
[Date "2019.02.26"]
[Round "5"]
[White "Romanov, Sergey"]
[Black "Mikulas, Dusan"]
[Result "1/2-1/2"]
[WhiteElo "2139"]
[BlackElo "1973"]
[PlyCount "44"]
[EventDate "2019.02.23"]

1. e4 c5 2. Nf3 d6 3. d4 cxd4 4. Nxd4 Nf6 5. Nc3 Nc6 6. Bg5 e6 7. Bc4 a6 8. O-O
Be7 9. Bb3 O-O 10. Kh1 Bd7 11. f4 Qc7 12. f5 Nxd4 13. Qxd4 e5 14. Qd1 Bc6 15.
Qg4 Rab8 16. a3 b5 17. Rad1 a5 18. Rf2 b4 19. axb4 Rxb4 20. Ra1 Rd4 21. Bd5 Bd7
22. Qf3 a4 1/2-1/2

[Event "LIBEREC OPEN 2019"]
[Site "Clarion Grandhotel Zlaty Lev, Liberec"]
[Date "2019.02.26"]
[Round "5"]
[White "Polansky, Adam Lubos"]
[Black "Kusa, Jakub"]
[Result "1/2-1/2"]
[WhiteElo "1997"]
[BlackElo "1917"]
[PlyCount "37"]
[EventDate "2019.02.23"]

1. d4 Nf6 2. c4 e6 3. g3 d5 4. Nf3 Be7 5. Bg2 O-O 6. O-O dxc4 7. Qc2 a6 8. a4
c5 9. dxc5 Nc6 10. Na3 Bxc5 11. Nxc4 Qe7 12. Nfe5 Nxe5 13. Nxe5 Bd6 14. Nc4 Bc5
15. Bf4 Nd5 16. Bd2 Bd7 17. Ne5 Rac8 18. Qb3 Bc6 19. Nxc6 1/2-1/2

[Event "LIBEREC OPEN 2019"]
[Site "Clarion Grandhotel Zlaty Lev, Liberec"]
[Date "2019.02.26"]
[Round "5"]
[White "Simon, Petr"]
[Black "Valenta, Vit"]
[Result "0-1"]
[WhiteElo "1654"]
[BlackElo "2155"]
[PlyCount "64"]
[EventDate "2019.02.23"]

1. e4 c5 2. Nf3 e6 3. d4 cxd4 4. Nxd4 Nf6 5. Nc3 Bb4 6. f3 d5 7. e5 Nfd7 8. f4
Nc6 9. Nxc6 bxc6 10. Bd2 Rb8 11. Rb1 O-O 12. a3 Ba5 13. Be2 f6 14. exf6 Nxf6
15. O-O c5 16. Bf3 Bb7 17. Re1 Re8 18. h3 c4 19. Be3 Bb6 20. Bd4 Ba8 21. g3
Bxd4+ 22. Qxd4 Qb6 23. Qxb6 Rxb6 24. b3 cxb3 25. cxb3 Rc8 26. Ne2 Kf7 27. Rec1
Rxc1+ 28. Rxc1 Rxb3 29. Rc7+ Kg6 30. Rxa7 Rxf3 31. Rxa8 Ne4 32. Kg2 Rf2+ 0-1

[Event "LIBEREC OPEN 2019"]
[Site "Clarion Grandhotel Zlaty Lev, Liberec"]
[Date "2019.02.26"]
[Round "5"]
[White "Nemcova, Kamila"]
[Black "Bruna, Matous"]
[Result "1/2-1/2"]
[WhiteElo "1886"]
[BlackElo "1504"]
[PlyCount "60"]
[EventDate "2019.02.23"]

1. e4 c5 2. Nf3 Nc6 3. d4 cxd4 4. Nxd4 Nf6 5. Nc3 e6 6. Nxc6 bxc6 7. Bf4 d5 8.
exd5 exd5 9. Bd3 Bd6 10. Qe2+ Be6 11. Bg5 O-O 12. O-O Re8 13. Qd2 Be7 14. Rad1
Rb8 15. Qc1 Qa5 16. Bd2 Qd8 17. Ne2 c5 18. Ng3 Bd6 19. c3 h6 20. Bb1 Qb6 21. b3
Red8 22. Bf4 Qc7 23. Bxd6 Qxd6 24. Rfe1 Qc7 25. Bf5 Bxf5 26. Nxf5 Re8 27. Rd3
Rxe1+ 28. Qxe1 Re8 29. Qd1 Qe5 30. Ne3 Rd8 1/2-1/2

[Event "LIBEREC OPEN 2019"]
[Site "Clarion Grandhotel Zlaty Lev, Liberec"]
[Date "2019.02.27"]
[Round "6"]
[White "Ochedzan, Tymon"]
[Black "Dowgird, Filip"]
[Result "0-1"]
[WhiteElo "2076"]
[BlackElo "2270"]
[PlyCount "152"]
[EventDate "2019.02.23"]

1. e4 Nf6 2. e5 Nd5 3. Nc3 Nxc3 4. dxc3 Nc6 5. Bf4 d6 6. Bb5 Bd7 7. Qe2 a6 8.
Bxc6 Bxc6 9. Nf3 e6 10. O-O-O Bxf3 11. Qxf3 d5 12. Qg3 c6 13. Bg5 Qa5 14. Kb1
h6 15. Qh3 Qb5 16. Rhf1 Ba3 17. Bc1 Be7 18. f4 g6 19. g4 Kd7 20. f5 h5 21. Rf2
hxg4 22. fxe6+ fxe6 23. Qxg4 Raf8 24. Rxf8 Rxf8 25. Qxg6 Qe2 26. Rh1 Rh8 27.
Qg3 Rh5 28. Bf4 Rf5 29. Re1 Qc4 30. Bc1 Rh5 31. b3 Qc5 32. Rh1 Qb5 33. Qe3 c5
34. h3 c4 35. Rg1 Qc5 36. Qg3 Rxh3 37. Qxh3 Qxg1 38. Qe3 Qxe3 39. Bxe3 Ke8 40.
Kc1 Kf7 41. bxc4 dxc4 42. Bb6 Kg6 43. Bc7 Kf5 44. Kb2 b5 45. Bb8 Bc5 46. Bc7
Ke4 47. Bd6 Kd5 48. Bc7 Kc6 49. Bd8 Bb6 50. Bf6 Kd5 51. Kc1 Bc7 52. Kd2 Bxe5
53. Bd8 Ke4 54. Ba5 Kf3 55. Ke1 Bg3+ 56. Kd2 Bf4+ 57. Ke1 e5 58. Kd1 e4 59. Bb6
e3 60. Bxe3 Kxe3 61. Ke1 Be5 62. Kd1 Bxc3 63. Kc1 Kd4 64. Kb1 Kc5 65. a3 Kb6
66. a4 b4 67. Ka2 Ka5 68. Kb1 Kxa4 69. Ka2 b3+ 70. Kb1 Kb4 71. Kc1 a5 72. Kb1
a4 73. cxb3 cxb3 74. Kc1 a3 75. Kb1 a2+ 76. Kc1 a1=Q# 0-1

[Event "LIBEREC OPEN 2019"]
[Site "Clarion Grandhotel Zlaty Lev, Liberec"]
[Date "2019.02.27"]
[Round "6"]
[White "Shagbazian, Taron"]
[Black "Jinova, Lucie"]
[Result "1-0"]
[WhiteElo "2421"]
[BlackElo "2096"]
[PlyCount "56"]
[EventDate "2019.02.23"]

1. d4 d5 2. c4 e6 3. Nc3 Nf6 4. cxd5 exd5 5. Bg5 Nbd7 6. e3 Be7 7. Bd3 c6 8.
Qc2 O-O 9. Nge2 Re8 10. O-O Nf8 11. f3 h6 12. Bh4 Ne6 13. Rad1 b5 14. Kh1 Bb7
15. Bf5 b4 16. Na4 Qa5 17. Bxe6 fxe6 18. Bxf6 Bxf6 19. Nf4 Qd8 20. Nc5 Bc8 21.
Nfd3 e5 22. Nxb4 Qc7 23. Qa4 exd4 24. Nxd5 cxd5 25. Qxe8+ Kh7 26. exd4 Rb8 27.
Qe2 Rb4 28. a3 Rxd4 1-0

[Event "LIBEREC OPEN 2019"]
[Site "Clarion Grandhotel Zlaty Lev, Liberec"]
[Date "2019.02.27"]
[Round "6"]
[White "Dambrauskas, Virginijus"]
[Black "Ret, Adam Josef"]
[Result "1-0"]
[WhiteElo "2277"]
[BlackElo "1841"]
[PlyCount "121"]
[EventDate "2019.02.23"]

1. d4 Nf6 2. c4 g6 3. f3 e6 4. e4 d6 5. Bg5 Bg7 6. Qd2 h6 7. Be3 b6 8. Nc3 c5
9. Nge2 Ba6 10. b3 Nbd7 11. Rd1 Qe7 12. g3 Rd8 13. Bg2 Nb8 14. O-O Nbd7 15. Qc1
Kf8 16. Qa3 Nb8 17. e5 dxe5 18. dxe5 Rxd1 19. Rxd1 Ne8 20. f4 Kg8 21. Ne4 Kh7
22. N2c3 f5 23. Nd6 Nxd6 24. Rxd6 Rd8 25. Rxd8 Qxd8 26. Qc1 Qd7 27. Qd2 Qxd2
28. Bxd2 Kg8 29. Nb5 Bxb5 30. cxb5 Kf7 31. Bb7 Ke8 32. Kf2 Kd7 33. h3 h5 34. a4
Bf8 35. a5 Be7 36. Ke2 Kd8 37. Bf3 Nd7 38. a6 Nf8 39. Kf2 Ke8 40. Kg2 Nh7 41.
Be1 Nf8 42. Bf2 Bd8 43. Bc6+ Kf7 44. Kf3 Nh7 45. Kg2 Bc7 46. Bf3 Bd8 47. Be2
Ke8 48. Be1 Be7 49. Bc4 Kd7 50. Be2 Nf8 51. Bf3 Kc7 52. Bc6 Kd8 53. Bf2 Kc7 54.
g4 hxg4 55. hxg4 Kc8 56. b4 Kc7 57. bxc5 Bxc5 58. Bxc5 bxc5 59. g5 Kb6 60. Kf3
Kc7 61. Ke3 1-0

[Event "LIBEREC OPEN 2019"]
[Site "Clarion Grandhotel Zlaty Lev, Liberec"]
[Date "2019.02.27"]
[Round "6"]
[White "Kaderabek, Jiri"]
[Black "Vitak, Jiri"]
[Result "1/2-1/2"]
[WhiteElo "2093"]
[BlackElo "2157"]
[PlyCount "86"]
[EventDate "2019.02.23"]

1. e4 c5 2. Nf3 d6 3. d4 cxd4 4. Nxd4 Nf6 5. Nc3 a6 6. g3 Bd7 7. Bg2 Nc6 8. O-O
e6 9. Be3 Qc7 10. Nce2 Be7 11. c4 h5 12. Rc1 h4 13. Nxc6 Bxc6 14. Nc3 hxg3 15.
hxg3 Qd7 16. Qe2 e5 17. Nd5 Bxd5 18. exd5 Ng4 19. c5 Qf5 20. Rc4 Qh5 21. Rfc1
Nxe3 22. Qxe3 dxc5 23. d6 Qh2+ 24. Kf1 Bxd6 25. b4 cxb4 26. Qb6 Qh6 27. Rc8+
Rxc8 28. Rxc8+ Ke7 29. Qxb7+ Kf6 30. Rc6 Qd2 31. Bf3 Qd3+ 32. Kg2 e4 33. Be2
Qd4 34. Bc4 Rh2+ 35. Kxh2 Qxf2+ 36. Kh1 Qf3+ 37. Kg1 Qxg3+ 38. Kf1 Qf3+ 39. Ke1
Qc3+ 40. Kd1 Qa1+ 41. Kc2 Qc3+ 42. Kb1 Qe1+ 43. Kc2 Qc3+ 1/2-1/2

[Event "LIBEREC OPEN 2019"]
[Site "Clarion Grandhotel Zlaty Lev, Liberec"]
[Date "2019.02.27"]
[Round "6"]
[White "Balinski, Damian"]
[Black "Woolacott, Samuel"]
[Result "1-0"]
[WhiteElo "2161"]
[BlackElo "1947"]
[PlyCount "61"]
[EventDate "2019.02.23"]

1. d4 e6 2. c4 Nf6 3. Nf3 Bb4+ 4. Nbd2 d5 5. Qa4+ Nc6 6. a3 Bd6 7. c5 Be7 8. b4
O-O 9. Bb2 Bd7 10. Qc2 b5 11. Ne5 a5 12. Nxc6 Bxc6 13. e3 axb4 14. axb4 Rxa1+
15. Bxa1 Qa8 16. Bb2 Ne4 17. Bd3 f5 18. Nb3 f4 19. exf4 Rxf4 20. Rg1 Rf8 21. f3
Nf6 22. Ke2 Bd7 23. Ra1 Qe8 24. Ra6 c6 25. Bc1 Bd8 26. Bf4 Nh5 27. Bd6 Be7 28.
g3 Nf6 29. Ra7 Bxd6 30. cxd6 Qb8 31. Rc7 1-0

[Event "LIBEREC OPEN 2019"]
[Site "Clarion Grandhotel Zlaty Lev, Liberec"]
[Date "2019.02.27"]
[Round "6"]
[White "Bakhtin, Vladimir A"]
[Black "Otruba, Marek"]
[Result "1-0"]
[WhiteElo "2138"]
[BlackElo "2015"]
[PlyCount "39"]
[EventDate "2019.02.23"]

1. d4 Nf6 2. Nf3 g6 3. c4 Bg7 4. Nc3 d5 5. cxd5 Nxd5 6. e4 Nxc3 7. bxc3 c5 8.
Be3 Nc6 9. Qd2 Qa5 10. Rc1 O-O 11. d5 Rd8 12. Bd3 f5 13. dxc6 fxe4 14. Bc4+ Kh8
15. Qb2 exf3 16. cxb7 Bxb7 17. Qxb7 Qxc3+ 18. Rxc3 Bxc3+ 19. Bd2 Rxd2 20. O-O
1-0

[Event "LIBEREC OPEN 2019"]
[Site "Clarion Grandhotel Zlaty Lev, Liberec"]
[Date "2019.02.27"]
[Round "6"]
[White "Nemcova, Karin"]
[Black "Dzikowski, Michal"]
[Result "1-0"]
[WhiteElo "2033"]
[BlackElo "2132"]
[PlyCount "85"]
[EventDate "2019.02.23"]

1. d4 Nf6 2. c4 Nc6 3. Nc3 e5 4. d5 Ne7 5. h4 Neg8 6. Nf3 e4 7. Nd4 Bb4 8. Qc2
c6 9. Bf4 Ne7 10. d6 Ng6 11. Bg3 Qa5 12. e3 O-O 13. Be2 h5 14. O-O Bxc3 15. Nb3
Qf5 16. Qxc3 c5 17. Nd2 Qe6 18. b4 cxb4 19. Qxb4 b6 20. Nb3 Qf5 21. Rab1 Ba6
22. Qa3 Bc8 23. Nd4 Qc5 24. Qxc5 bxc5 25. Nb3 Bb7 26. Nxc5 Bc6 27. Nb3 Rfe8 28.
Nd4 Rac8 29. Rb3 Kh7 30. Ra3 Ra8 31. Nxc6 dxc6 32. Ra5 Nf8 33. Bxh5 g6 34. Bd1
N8d7 35. Ba4 Rec8 36. Rb1 Nb6 37. c5 Nc4 38. Ra6 Rab8 39. Rc1 Rb4 40. Rxc6 Rcb8
41. Bb3 Na5 42. Rc7 Nxb3 43. axb3 1-0

[Event "LIBEREC OPEN 2019"]
[Site "Clarion Grandhotel Zlaty Lev, Liberec"]
[Date "2019.02.27"]
[Round "6"]
[White "Hofman, Krystof"]
[Black "Novotny, Martin"]
[Result "1/2-1/2"]
[WhiteElo "2025"]
[BlackElo "2070"]
[PlyCount "44"]
[EventDate "2019.02.23"]

1. d4 Nf6 2. c4 c5 3. dxc5 Qa5+ 4. Nc3 Qxc5 5. e3 g6 6. Nf3 Bg7 7. Be2 O-O 8.
O-O Nc6 9. a3 d6 10. b4 Qb6 11. Bb2 Rd8 12. Nd4 e5 13. Ndb5 Ne7 14. Na4 Qc6 15.
Rc1 a6 16. Bf3 d5 17. Nbc3 Bd7 18. cxd5 Nexd5 19. Bxd5 Nxd5 20. Qxd5 Qxd5 21.
Nxd5 Bxa4 22. Nb6 Bb5 1/2-1/2

[Event "LIBEREC OPEN 2019"]
[Site "Clarion Grandhotel Zlaty Lev, Liberec"]
[Date "2019.02.27"]
[Round "6"]
[White "Paldus, Petr"]
[Black "Czarniecka, Aleksandra"]
[Result "0-1"]
[WhiteElo "2036"]
[BlackElo "2022"]
[PlyCount "54"]
[EventDate "2019.02.23"]

1. e4 c5 2. Nf3 d6 3. d4 cxd4 4. Nxd4 Nf6 5. Nc3 a6 6. Bd3 Nc6 7. Nxc6 bxc6 8.
O-O e5 9. Kh1 Qb6 10. Rb1 Be7 11. f4 Ng4 12. Qe1 exf4 13. Bxf4 Ne5 14. Qg3 Bf6
15. Bg5 Bxg5 16. Qxg5 O-O 17. Rf4 Be6 18. Rh4 Rab8 19. b3 Qa5 20. Na4 Qxa4 21.
Rf1 Qxa2 22. Qh5 h6 23. Qe2 a5 24. h3 a4 25. Rf6 Qa1+ 26. Kh2 Ng4+ 27. Rxg4
Bxg4 0-1

[Event "LIBEREC OPEN 2019"]
[Site "Clarion Grandhotel Zlaty Lev, Liberec"]
[Date "2019.02.27"]
[Round "6"]
[White "Ortiz Sanchez, Luis"]
[Black "Verwoert, Jef"]
[Result "0-1"]
[WhiteElo "1922"]
[BlackElo "2036"]
[PlyCount "121"]
[EventDate "2019.02.23"]

1. e4 c5 2. Nf3 g6 3. d4 cxd4 4. Qxd4 Nf6 5. e5 Nc6 6. Qa4 Nd5 7. Qe4 Nb6 8.
Nc3 d5 9. exd6 Bf5 10. Qh4 exd6 11. Bg5 Be7 12. O-O-O Bxg5+ 13. Nxg5 h6 14. f4
Kf8 15. h3 Kg7 16. Nf3 Qxh4 17. Nxh4 Rad8 18. g4 Be6 19. Bg2 Rhe8 20. b3 f5 21.
gxf5 Bxf5 22. Nxf5+ gxf5 23. Rhg1 Kf6 24. Rd3 Rg8 25. Rdd1 Rg7 26. Bd5 Rxg1 27.
Rxg1 Nxd5 28. Nxd5+ Kf7 29. c3 Re8 30. Kd2 a6 31. Rg3 Re6 32. Rg1 Rg6 33. Rxg6
Kxg6 34. Ne3 Nd8 35. Nc4 Nf7 36. Ke2 Kf6 37. Na5 Nd8 38. Nc4 Ke6 39. Kf3 Nc6
40. Ke3 Ne7 41. Nb6 Nd5+ 42. Nxd5 Kxd5 43. c4+ Kc5 44. a3 d5 45. cxd5 Kxd5 46.
Kd3 Kc5 47. Kc3 a5 48. Kd3 Kd5 49. Ke3 a4 50. bxa4 Kc4 51. a5 Kc3 52. h4 Kc4
53. h5 Kc3 54. a4 Kc4 55. a6 bxa6 56. a5 Kc3 57. Ke2 Kd4 58. Kd2 Ke4 59. Kc3
Kxf4 60. Kc4 Kg5 61. Kc5 0-1

[Event "LIBEREC OPEN 2019"]
[Site "Clarion Grandhotel Zlaty Lev, Liberec"]
[Date "2019.02.27"]
[Round "6"]
[White "Valenta, Vit"]
[Black "Skurniak, Szymon"]
[Result "1/2-1/2"]
[WhiteElo "2155"]
[BlackElo "1974"]
[PlyCount "68"]
[EventDate "2019.02.23"]

1. f4 c5 2. c4 g6 3. Nc3 Bg7 4. g3 Nc6 5. Bg2 Nf6 6. Nf3 d6 7. O-O O-O 8. e4
Bg4 9. h3 Bxf3 10. Bxf3 Nd4 11. Bg2 e5 12. fxe5 Nh5 13. g4 Ng3 14. Rf2 Bxe5 15.
d3 Qh4 16. Bd2 h5 17. Be1 Ne6 18. Ne2 hxg4 19. Nxg3 gxh3 20. Nf5 gxf5 21. Rxf5
Bd4+ 22. Kh2 Qh6 23. Qg4+ Qg6 24. Bxh3 Qxg4 25. Bxg4 f6 26. Bg3 Ng7 27. Rff1
Be5 28. Rab1 a5 29. Kg2 Kf7 30. b3 Rg8 31. Bxe5 dxe5 32. Kf3 Ne6 33. Bxe6+ Kxe6
34. Rg1 Rgd8 1/2-1/2

[Event "LIBEREC OPEN 2019"]
[Site "Clarion Grandhotel Zlaty Lev, Liberec"]
[Date "2019.02.27"]
[Round "6"]
[White "Juricek, Stanislav"]
[Black "Mikulas, Dusan"]
[Result "1/2-1/2"]
[WhiteElo "2075"]
[BlackElo "1973"]
[PlyCount "24"]
[EventDate "2019.02.23"]

1. e4 c5 2. c3 e6 3. g3 Nc6 4. d3 g6 5. Bg2 Bg7 6. f4 d6 7. Nf3 Nge7 8. O-O O-O
9. Nbd2 a6 10. a4 Qc7 11. Rb1 Bd7 12. c4 Nd4 1/2-1/2

[Event "LIBEREC OPEN 2019"]
[Site "Clarion Grandhotel Zlaty Lev, Liberec"]
[Date "2019.02.27"]
[Round "6"]
[White "Wuensch, Ulrich"]
[Black "Elias, Jakub"]
[Result "1/2-1/2"]
[WhiteElo "2064"]
[BlackElo "1910"]
[PlyCount "48"]
[EventDate "2019.02.23"]

1. d4 Nf6 2. Nf3 g6 3. Nc3 Bg7 4. e4 d6 5. Be3 Nbd7 6. Qd2 O-O 7. Bh6 Re8 8. h4
e5 9. d5 Nc5 10. Bd3 Bxh6 11. Qxh6 Ng4 12. Qd2 Nxd3+ 13. cxd3 h5 14. Ng5 f6 15.
Nh3 Kg7 16. O-O-O c5 17. f3 Nh6 18. Ne2 Bd7 19. Kb1 b5 20. Rc1 Qb6 21. Rhg1
Rac8 22. Qe3 b4 23. Nf2 f5 24. Nh3 f4 1/2-1/2

[Event "LIBEREC OPEN 2019"]
[Site "Clarion Grandhotel Zlaty Lev, Liberec"]
[Date "2019.02.27"]
[Round "6"]
[White "Novak, Jan"]
[Black "Cakl, Zdenek"]
[Result "1/2-1/2"]
[WhiteElo "1826"]
[BlackElo "2058"]
[PlyCount "50"]
[EventDate "2019.02.23"]

1. e4 c5 2. Nc3 g6 3. f4 Bg7 4. Nf3 a6 5. a4 Nc6 6. Bc4 e6 7. O-O Nge7 8. d3
O-O 9. Qe1 d5 10. Ba2 b5 11. f5 Nb4 12. fxg6 Nxg6 13. Qf2 d4 14. Nd1 Bb7 15.
Bg5 Qc7 16. Nh4 c4 17. Bf6 Bxf6 18. Qxf6 Qe5 19. Nxg6 Qxf6 20. Rxf6 hxg6 21.
dxc4 Bxe4 22. Rf4 Bxc2 23. Rxd4 Bxa4 24. cxb5 axb5 25. Rxb4 Bxd1 1/2-1/2

[Event "LIBEREC OPEN 2019"]
[Site "Clarion Grandhotel Zlaty Lev, Liberec"]
[Date "2019.02.27"]
[Round "6"]
[White "Grzesik, Norbert"]
[Black "Hodan, Jiri"]
[Result "1-0"]
[WhiteElo "2007"]
[BlackElo "1865"]
[PlyCount "39"]
[EventDate "2019.02.23"]

1. e4 e5 2. Nf3 Nf6 3. Nxe5 d6 4. Nf3 Nxe4 5. Nc3 Nxc3 6. dxc3 Be7 7. Be3 Be6
8. Qd2 Nc6 9. O-O-O Qd7 10. Kb1 Ne5 11. h3 Nxf3 12. gxf3 O-O-O 13. Qd4 c5 14.
Qxg7 Bxa2+ 15. Kxa2 Qe6+ 16. Kb1 Rdg8 17. Qh6 Rg6 18. Qf4 Bg5 19. Qe4 Bxe3 20.
fxe3 1-0

[Event "LIBEREC OPEN 2019"]
[Site "Clarion Grandhotel Zlaty Lev, Liberec"]
[Date "2019.02.28"]
[Round "7"]
[White "Dowgird, Filip"]
[Black "Shagbazian, Taron"]
[Result "0-1"]
[WhiteElo "2270"]
[BlackElo "2421"]
[PlyCount "34"]
[EventDate "2019.02.23"]

1. d4 Nf6 2. Bf4 e6 3. e3 b6 4. Nd2 Bb7 5. Ngf3 g6 6. a4 a5 7. Bd3 Bg7 8. O-O
O-O 9. e4 Nh5 10. Bg5 f6 11. Be3 f5 12. exf5 gxf5 13. Ne5 Nf6 14. Bg5 d6 15.
Be2 dxe5 16. dxe5 Qd5 17. Bf3 Ne4 0-1

[Event "LIBEREC OPEN 2019"]
[Site "Clarion Grandhotel Zlaty Lev, Liberec"]
[Date "2019.02.28"]
[Round "7"]
[White "Vitak, Jiri"]
[Black "Dambrauskas, Virginijus"]
[Result "0-1"]
[WhiteElo "2157"]
[BlackElo "2277"]
[PlyCount "154"]
[EventDate "2019.02.23"]

1. e4 c5 2. Nf3 e6 3. d4 cxd4 4. Nxd4 a6 5. Nc3 Qc7 6. Bd3 Bc5 7. Nb3 Be7 8.
Qg4 g6 9. Bg5 Nc6 10. Bxe7 Ngxe7 11. Qg5 Qe5 12. Qxe5 Nxe5 13. Be2 g5 14. O-O-O
N7g6 15. g3 Ke7 16. Rdf1 f6 17. f4 Nf7 18. h4 h6 19. hxg5 hxg5 20. Rxh8 Ngxh8
21. Kd2 b6 22. Ke3 Rb8 23. Nd4 b5 24. Nb1 Nd6 25. Nd2 Nhf7 26. c3 Bb7 27. Bd3
Rh8 28. N4f3 Rh3 29. Rg1 gxf4+ 30. gxf4 e5 31. Be2 f5 32. Bf1 exf4+ 33. Kxf4
Rh5 34. exf5 Rxf5+ 35. Ke3 Rh5 36. Bd3 Ne5 37. Nxe5 Rxe5+ 38. Kf4 Rh5 39. Rg7+
Kd8 40. Rg5 Rh3 41. Rg3 Rh2 42. Ke3 Kc7 43. b3 Bc6 44. Rg5 Rh1 45. a4 Rh3+ 46.
Ke2 bxa4 47. bxa4 Bxa4 48. Bxa6 Rh2+ 49. Ke3 Rxd2 50. Ra5 Ra2 51. Bd3 Bb3 52.
Rc5+ Kb6 53. Rg5 Be6 54. Kd4 Ra4+ 55. Ke3 Ra5 56. Rg1 Rh5 57. Rb1+ Kc5 58. Rb4
Rh3+ 59. Kd2 Nc4+ 60. Bxc4 Bxc4 61. Rb8 Bb5 62. Rc8+ Bc6 63. Rg8 Rh4 64. Kd3
Rh3+ 65. Kd2 Be4 66. Rc8+ Kd5 67. Rc7 d6 68. Rc8 Rd3+ 69. Kc2 Bf5 70. Rc7 Rh3+
71. Kb3 Rh7 72. c4+ Kd4 73. Rc6 Rb7+ 74. Ka2 Kc3 75. Ra6 Bc2 76. Ka1 Rb4 77. c5
dxc5 0-1

[Event "LIBEREC OPEN 2019"]
[Site "Clarion Grandhotel Zlaty Lev, Liberec"]
[Date "2019.02.28"]
[Round "7"]
[White "Balinski, Damian"]
[Black "Ochedzan, Tymon"]
[Result "1/2-1/2"]
[WhiteElo "2161"]
[BlackElo "2076"]
[PlyCount "60"]
[EventDate "2019.02.23"]

1. c4 Nf6 2. g3 g6 3. Bg2 Bg7 4. Nc3 O-O 5. d4 c5 6. e3 Na6 7. Nge2 d6 8. O-O
Nc7 9. b3 Rb8 10. a4 Bd7 11. Ba3 b6 12. b4 cxb4 13. Bxb4 Na6 14. Ba3 Qc8 15.
Rc1 Bh3 16. Bxh3 Qxh3 17. Nf4 Qd7 18. Nb5 Rfc8 19. Qd3 h5 20. h4 Rb7 21. Nd5
Nb8 22. Nxe7+ Qxe7 23. Nxd6 Rd8 24. Nxb7 Qxb7 25. d5 Nbd7 26. e4 Re8 27. Rfe1
Ne5 28. Qb3 Ned7 29. Qd3 Ne5 30. Qb3 Ned7 1/2-1/2